La máquina del tiempo / (Registro nro. 3464)

Detalles MARC
000 -LEADER
fixed length control field 00963nam a2200241Ia 4500
003 - CONTROL NUMBER IDENTIFIER
control field OSt
005 - DATE AND TIME OF LATEST TRANSACTION
control field 20250505120712.0
008 - FIXED-LENGTH DATA ELEMENTS--GENERAL INFORMATION
fixed length control field 200804s2002 ck ||||er|||| 00| f spa d
020 ## - INTERNATIONAL STANDARD BOOK NUMBER
International Standard Book Number 9580467544
040 ## - CATALOGING SOURCE
Original cataloging agency CO-JMCR
Transcribing agency CO-JMCR
041 ## - LANGUAGE CODE
Language code of text/sound track or separate title spa
082 04 - DEWEY DECIMAL CLASSIFICATION NUMBER
Classification number A-N
Item number WELm
100 1# - MAIN ENTRY--PERSONAL NAME
Personal name Wells, H.G.
Relator term autor
9 (RLIN) 8306
245 10 - TITLE STATEMENT
Title La máquina del tiempo /
Statement of responsibility, etc. H.G. Wells ; traductor Iván Hernández A.
250 ## - EDITION STATEMENT
Edition statement Segunda edición
260 ## - PUBLICATION, DISTRIBUTION, ETC.
Place of publication, distribution, etc. Bogotá :
Name of publisher, distributor, etc. Editorial Norma,
Date of publication, distribution, etc. 2002
300 ## - PHYSICAL DESCRIPTION
Extent 106, 89 páginas ;
Dimensions 21 cm.
500 ## - GENERAL NOTE
General note Con: A propósito de H.G. Wells y su obra.
520 ## - SUMMARY, ETC.
Summary, etc. «Fue la primera novela del considerado por algunos como "padre" de la ciencia-ficción y con su mezcla de aventuras y doctrina social y política alcanzó un notable éxito, contribuyendo así a la estabilidad de Wells, que a partir de ese momento pudo dedicar
650 14 - SUBJECT ADDED ENTRY--TOPICAL TERM
Topical term or geographic name entry element Novela inglesa
9 (RLIN) 193
700 ## - ADDED ENTRY--PERSONAL NAME
Personal name Hernández, Ivan,
Relator term traductor
9 (RLIN) 8307
942 ## - ADDED ENTRY ELEMENTS (KOHA)
Source of classification or shelving scheme Dewey Decimal Classification
Koha item type Books
Existencias
Withdrawn status Lost status Source of classification or shelving scheme Damaged status Not for loan Collection code Home library Current library Date acquired Coded location qualifier Total Checkouts Total Renewals Full call number Barcode Date last seen Date last checked out Copy number Koha item type
    Dewey Decimal Classification     Fiction Biblioteca Pública José María del Castillo y Rada Biblioteca Pública José María del Castillo y Rada 08/04/2020 Donación 2 4 A-N WELm 201807316 07/21/2021 06/30/2021 Ej.1 Books